|
|
|
|
| LEADER |
00000nab a2200000 ar4500 |
| 001 |
vtls009003593 |
| 003 |
SK-MaSNL |
| 005 |
20260303065558.0 |
| 008 |
070509c2007 xo |||||||| 000 b|hun |
| 015 |
|
|
|a SNBRB2007/05
|2 snkbucl
|
| 038 |
|
|
|a SNKBUCL
|
| 040 |
|
|
|a DSZK
|b slo
|c DSZK
|e AACR2
|
| 041 |
0 |
|
|a hun
|
| 044 |
|
|
|a xo
|c SK
|
| 080 |
|
|
|a 821.511.141 (437.6)-93=511.141
|2 1997
|
| 080 |
|
|
|a 821.511.141 (437.6)-34(0.053.2)=511.141
|2 1997
|
| 080 |
|
|
|a 398.2
|x (=511.141)
|2 1997
|
| 100 |
1 |
|
|a László, Endre N.,
|d 1930-
|4 aut
|9 395439
|
| 245 |
1 |
0 |
|a Göncöl táltos és a kapzsi asszony
|b csallóközi népmese
|c N. László Endre feldolgozása ; Juhász Tibor rajza
|
| 300 |
|
|
|b Obr.
|
| 650 |
0 |
7 |
|a ľudové rozprávky, maďarské
|x literárne adaptácie
|2 snkbucl
|9 1065833
|
| 700 |
1 |
|
|a Juhász, Tibor
|4 ill
|9 596009
|
| 773 |
0 |
|
|t Tücsök
|g Évf. 17, sz. 8 (2007), o. 27
|
| 852 |
|
|
|a SNK
|b KIS3GCP
|
| 852 |
|
|
|a DSZK
|b KIS3GCP
|
| 958 |
|
|
|a HU
|
| 958 |
|
|
|a LX
|
| 958 |
|
|
|a DB
|
| 958 |
|
|
|a SK
|
| 999 |
|
|
|c 1751777
|d 1753707
|